000 00453pab a2200169 454500
008 180718b2013 xxu||||| |||| 00| 0 eng d
100 _aMalhotra, Meenakshi
245 _aEfficiency of Guar seed futures market in India: An empirical study
260 _c2013
300 _ap.373-392.
362 _aDec
650 _aAgricultural production
700 _aSharma, Dinesh Kumar
773 _aAsian Economic Review
908 _aN
909 _a102978
999 _c102975
_d102975